000 00273nam a22001217a 4500
003 OSt
008 150215b xxu||||| |||| 00| 0 eng d
100 1 _aPiller, Stanley M
041 _aeng
245 1 0 _aThe New York Postmaster's Provisional
260 _b1991
300 _a0 pages
999 _c848
_d848